Plachty nad oceány : modely historických plachetnic /
První oddíl svazku sleduje dějiny mořeplavby a plachetních lodí od starověku a dávných časů neevropských národů, druhý seznamuje s konstrukčními prvky plachetnic. Třetí pak obsahuje návody ke stavbě modelů, které zahrnujíinformace o nářadí a pracovních pomůckách, materiálu, přípravných pracích a vla...
| Hlavní autor: | First, Pavel |
|---|---|
| Další autoři: | Patočka, Václav |
| Jazyk: | Čeština |
| Vydáno: |
Praha : SNTL, 1972 |
| Vydání: | 1. vyd. |
| Edice: |
Řada polytechnické literatury
Polytechnická knižnice (SNTL). Udělejte si sami |
| Externí odkaz: |
Digitalizovaný dokument
|
| Fyzický popis: |
117, [1] s. : [3] obr. příl. [12] s. fot. příl. ; 8° |
| LEADER | 02133nam a22004092a 4500 | ||
|---|---|---|---|
| 001 | 000282468 | ||
| 003 | CZ BrMZK | ||
| 005 | 20160804064558.0 | ||
| 007 | ta | ||
| 008 | 980107s1972 xr af f cze d | ||
| 015 | |a cnb000135235 | ||
| 020 | |q (Brož.) | ||
| 035 | |a (OCoLC)42158698 | ||
| 040 | |a ABA001 |b cze |c PNA001 |d ABA001 | ||
| 080 | 9 | |a 629.125.12(091) | |
| 100 | 1 | |a First, Pavel |7 jk01031243 |4 aut | |
| 245 | 1 | 0 | |a Plachty nad oceány : |b modely historických plachetnic / |c Pavel First, Václav Patočka |
| 250 | |a 1. vyd. | ||
| 260 | |a Praha : |b SNTL, |c 1972 | ||
| 300 | |a 117, [1] s. : |b [3] obr. příl. [12] s. fot. příl. ; |c 8° | ||
| 490 | 1 | |a Řada polytechnické literatury | |
| 490 | 1 | |a Polytechnická knižnice. Řada 3, Udělejte si sami ; |v sv. 47 | |
| 500 | |a S obr. v textu | ||
| 500 | |a 10200 výt. | ||
| 500 | |a Spoluvyd. Práce, Čes. socialist. společnost pro vědu, kulturu a politiku a Čes. vědeckotech. společnost | ||
| 504 | |a Obsahuje bibliografii | ||
| 520 | 2 | |a První oddíl svazku sleduje dějiny mořeplavby a plachetních lodí od starověku a dávných časů neevropských národů, druhý seznamuje s konstrukčními prvky plachetnic. Třetí pak obsahuje návody ke stavbě modelů, které zahrnujíinformace o nářadí a pracovních pomůckách, materiálu, přípravných pracích a vlastním výrobním postupu. Ve všech oddílech je knížka hojně ilustrována přehlednými nákresy lodí a jejich součástí. | |
| 500 | |a Dostupné též v digitální podobě v aplikaci Kramerius | ||
| 700 | 1 | |a Patočka, Václav |7 jk01091921 |4 aut | |
| 830 | 0 | |a Řada polytechnické literatury |0 s | |
| 830 | 0 | |a Polytechnická knižnice (SNTL). |p Udělejte si sami | |
| 856 | 4 | 1 | |u http://www.digitalniknihovna.cz/mzk/uuid/uuid:3b654f00-5d2f-11e6-8e4e-005056827e51 |y Digitalizovaný dokument |x NDK |
| 910 | |a BOA001 |b PK-0064.333 |b 1-0678.919 | ||
| 920 | |a 000146597 | ||
| 990 | |a BK | ||
| 996 | 6 | |b 2619956827 |c 1-0678.919 |l MZK |r Sklad / do 1 hodiny |n 2 |w 000282468 |u 000020 |a 1 |e BOA001 |j MZK50 |s P | |
| 996 | 7 | |b 3119918670 |c PK-0064.333 |l MZK |r Sklad / do 1 hodiny |n 17 |w 000282468 |u 000010 |a 1 |e BOA001 |j MZK50 |s A | |
English
Čeština 